[Event "Brno IM 12th"]
[Site "Brno"]
[Date "2023.11.14"]
[Round "4"]
[White "Flasik, Radoslav"]
[Black "Fiala, Vaclav"]
[Result "1-0"]
[WhiteElo "2032"]
[BlackElo "2253"]
[PlyCount "77"]
[EventDate "2023.11.11"]
[EventType "tourn"]
[EventRounds "9"]
[EventCountry "CZE"]
[SourceTitle "CB47_2023"]
[SourceDate "2023.11.22"]
[SourceVersion "1"]
[SourceVersionDate "2023.11.22"]
[SourceQuality "1"]

1. d4 Nf6 2. c4 c5 3. d5 b5 4. cxb5 a6 5. e3 g6 6. Nc3 Bg7 7. a4 0-0 8. Nf3 Bb7 9. Ra3 e6 10. dxe6 fxe6 11. Be2 d5 12. 0-0 a5 13. Qc2 Nbd7 14. Rd1 Qe7 15. e4 Nxe4 16. Nxe4 dxe4 17. Ng5 Bd4 18. Nxe4 Qh4 19. Bf3 Bxe4 20. Qxe4 Qxf2+ 21. Kh1 Rae8 22. Be3 Qxb2 23. Raa1 e5 24. Rab1 Qc2 25. Qb7 Nf6 26. Bg5 Qxa4 27. Bxf6 Rxf6 28. Bd5+ Kh8 29. Bb3 Qa3 30. Qd5 e4 31. Rf1 Bf2 32. b6 e3 33. Bc4 Rff8 34. b7 Qc3 35. Rfd1 Rb8 36. Rb6 Qg7 37. g3 Qc7 38. Rb5 Rfd8 39. Qxd8+ 1-0

[Event "Pardubice Czech op-E 34th"]
[Site "Pardubice"]
[Date "2023.07.15"]
[Round "5"]
[White "Fiala, Vaclav"]
[Black "Cech, Pavel"]
[Result "0-1"]
[WhiteElo "2279"]
[BlackElo "2346"]
[PlyCount "110"]
[EventDate "2023.07.13"]
[EventType "team-swiss"]
[EventRounds "7"]
[EventCountry "CZE"]
[SourceTitle "CBM 215 Extra"]
[Source "ChessBase"]
[SourceDate "2023.09.30"]
[SourceVersion "1"]
[SourceVersionDate "2023.09.30"]
[SourceQuality "1"]
[WhiteTeam "Jundrov Jezdci"]
[BlackTeam "Turnov Zikuda II"]
[WhiteTeamCountry "CZE"]
[BlackTeamCountry "CZE"]

1. d4 d5 2. c4 c6 3. cxd5 cxd5 4. Bf4 Nc6 5. e3 Nf6 6. Nc3 Bf5 7. Qb3 Na5 8. Qa4+ Bd7 9. Bb5 e6 10. Nf3 a6 11. Bxd7+ Nxd7 12. 0-0 b5 13. Qd1 Bb4 14. Rc1 0-0 15. a3 Be7 16. Nxd5 Nc4 17. Nxe7+ Qxe7 18. b3 Ncb6 19. a4 bxa4 20. bxa4 Qb4 21. Ra1 Nd5 22. Bg3 Nc3 23. Qd3 Nxa4 24. Ng5 Nf6 25. Be5 h6 26. Bxf6 hxg5 27. Bxg5 Qb5 28. Qxb5 axb5 29. Rab1 f6 30. Bf4 Nc3 31. Rb2 Ra6 32. Rc1 b4 33. Kf1 Rfa8 34. g4 Ra1 35. Rxa1 Rxa1+ 36. Kg2 Rb1 37. Rc2 Kh7 38. g5 Nd1 39. Rc7 Kg6 40. d5 exd5 41. gxf6 gxf6 42. Rc6 Kf7 43. Rc7+ Ke6 44. Rc6+ Ke7 45. Rb6 b3 46. Bd6+ Kf7 47. Ba3 Nc3 48. h4 Ne4 49. f3 Nd2 50. Bc5 Nc4 51. Rb7+ Kg6 52. Bd4 b2 53. Rb4 Rc1 54. Bxb2 Rc2+ 55. Kg3 Rxb2 0-1

[Event "CZE-chT1E 2223"]
[Site "Czech Republic"]
[Date "2023.02.26"]
[Round "9.1"]
[White "Dobrovolsky, Ladislav"]
[Black "Fiala, Vaclav"]
[Result "0-1"]
[WhiteElo "2210"]
[BlackElo "2322"]
[PlyCount "106"]
[EventDate "2022.10.08"]
[EventType "team-tourn"]
[EventRounds "11"]
[EventCountry "CZE"]
[SourceTitle "CBM 213 Extra"]
[Source "ChessBase"]
[SourceDate "2023.05.31"]
[SourceVersion "1"]
[SourceVersionDate "2023.05.31"]
[SourceQuality "1"]
[WhiteTeam "Poruba Slavoj II"]
[BlackTeam "Jundrov Jezdci"]
[WhiteTeamCountry "CZE"]
[BlackTeamCountry "CZE"]

1. c4 c6 2. Nf3 d5 3. b3 Bg4 4. Bb2 Nd7 5. d4 Ngf6 6. e3 e6 7. Be2 Be7 8. 0-0 0-0 9. Nbd2 c5 10. cxd5 Nxd5 11. Nc4 Rc8 12. Nfe5 Bxe2 13. Qxe2 Nxe5 14. dxe5 b5 15. Nd6 Bxd6 16. exd6 c4 17. bxc4 bxc4 18. e4 Nb4 19. Qd2 Nd3 20. e5 Qb6 21. Bc3 Qc5 22. Rfd1 Rfd8 23. Rab1 Nxe5 24. Bxe5 Qxe5 25. d7 Rc5 26. Qb4 h6 27. Rbc1 Qc7 28. g3 a5 29. Qa4 h5 30. h4 g6 31. Rc3 Rd5 32. Rdc1 Qxd7 33. Qxd7 R8xd7 34. Kg2 Rd2 35. a4 R7d4 36. Rxc4 Rxc4 37. Rxc4 Ra2 38. g4 hxg4 39. Rxg4 Kh7 40. Re4 Kg7 41. Kg3 Kf6 42. Rc4 Ra3+ 43. f3 e5 44. Rc6+ Kf5 45. Rc7 f6 46. Rc4 Ke6 47. Rc6+ Kf7 48. Rc7+ Kg8 49. Rc4 Kg7 50. Rc7+ Kh6 51. Rc4 Kh5 52. Rc8 Kh6 53. Rc4 f5 0-1

[Event "CZE-chT1E 2223"]
[Site "Czech Republic"]
[Date "2023.01.29"]
[Round "7.2"]
[White "Polak, Tomas"]
[Black "Fiala, Vaclav"]
[Result "1-0"]
[WhiteElo "2502"]
[BlackElo "2322"]
[PlyCount "61"]
[EventDate "2022.10.08"]
[EventType "team-tourn"]
[EventRounds "11"]
[EventCountry "CZE"]
[SourceTitle "CBM 213 Extra"]
[Source "ChessBase"]
[SourceDate "2023.05.31"]
[SourceVersion "1"]
[SourceVersionDate "2023.05.31"]
[SourceQuality "1"]
[WhiteTeam "Brno Moravska Slavia II"]
[BlackTeam "Jundrov Jezdci"]
[WhiteTeamCountry "CZE"]
[BlackTeamCountry "CZE"]

1. d4 Nf6 2. Nf3 g6 3. c4 c5 4. Nc3 cxd4 5. Nxd4 Nc6 6. e4 d6 7. Be2 Nxd4 8. Qxd4 Bg7 9. Be3 0-0 10. Qd2 Ng4 11. Bxg4 Bxg4 12. Rc1 a6 13. b3 Bxc3 14. Qxc3 f6 15. 0-0 b5 16. h3 Be6 17. c5 dxc5 18. Bxc5 Qc7 19. f4 Qb7 20. Qg3 Qxe4 21. Rfe1 Qf5 22. Qe3 Bd5 23. Bxe7 Rf7 24. Qd4 Re8 25. g4 Qd7 26. Bxf6 Ref8 27. Be5 Qb7 28. Kh2 Bf3 29. Kg3 g5 30. f5 h6 31. Qd6 1-0

[Event "Zlin Region-chT 2223"]
[Site "Czech Republic"]
[Date "2022.11.13"]
[Round "3.1"]
[White "Fiala, Vaclav"]
[Black "Stuchly, Radim"]
[Result "1-0"]
[WhiteElo "2322"]
[BlackElo "1942"]
[PlyCount "67"]
[EventDate "2022.10.09"]
[EventType "team-tourn"]
[EventRounds "11"]
[EventCountry "CZE"]
[SourceTitle "EXT 2024"]
[Source "ChessBase"]
[SourceDate "2023.10.10"]
[SourceVersion "1"]
[SourceVersionDate "2023.10.10"]
[SourceQuality "1"]
[WhiteTeam "Borsice"]
[BlackTeam "Stare Mesto  III"]
[WhiteTeamCountry "CZE"]
[BlackTeamCountry "CZE"]

1. b3 Nf6 2. Bb2 d6 3. e3 e5 4. c4 g6 5. d4 exd4 6. Qxd4 Bg7 7. Nc3 0-0 8. Nd5 Ne8 9. Qd2 Bxb2 10. Qxb2 c6 11. Nc3 Nf6 12. Nge2 Be6 13. Nf4 Qe7 14. h4 Rd8 15. h5 Nbd7 16. h6 Ne8 17. 0-0-0 Ndf6 18. e4 a6 19. Bd3 b5 20. Nxe6 fxe6 21. f4 e5 22. f5 b4 23. Na4 gxf5 24. exf5 Ng4 25. Qd2 d5 26. cxd5 cxd5 27. Nb6 Qc5+ 28. Kb1 Qxb6 29. Qg5+ Kh8 30. Qxg4 Qf6 31. Qxb4 e4 32. Bc2 Nc7 33. a4 Rd7 34. Bxe4 1-0

[Event "CZE-chT2E 2122"]
[Site "Czech Republic"]
[Date "2021.11.21"]
[Round "3.6"]
[White "Fiala, Vaclav"]
[Black "Jurek, Miroslav"]
[Result "1-0"]
[WhiteElo "2313"]
[BlackElo "2065"]
[PlyCount "79"]
[EventDate "2021.10.17"]
[EventType "team-tourn"]
[EventRounds "11"]
[EventCountry "CZE"]
[SourceTitle "EXT 2024"]
[Source "ChessBase"]
[SourceDate "2023.10.10"]
[SourceVersion "1"]
[SourceVersionDate "2023.10.10"]
[SourceQuality "1"]
[WhiteTeam "Jundrov Jezdci"]
[BlackTeam "Jihlava Gambit"]
[WhiteTeamCountry "CZE"]
[BlackTeamCountry "CZE"]

1. b3 c6 2. Bb2 d5 3. e3 Bf5 4. Ne2 Nf6 5. Ng3 Bg6 6. d3 Nbd7 7. Nd2 e6 8. Nf3 Bb4+ 9. c3 Be7 10. Nh4 Qb6 11. Nxg6 hxg6 12. Be2 Bd6 13. Nf1 c5 14. h3 Rc8 15. Nd2 0-0 16. 0-0 Rfd8 17. Qc2 Bb8 18. Rfe1 Qd6 19. g3 Nh5 20. Bf3 b5 21. Rad1 Qa6 22. c4 Ne5 23. Be2 bxc4 24. bxc4 Qd6 25. Nf3 Nc6 26. Bf1 Nb4 27. Qb1 dxc4 28. dxc4 Qc6 29. Bg2 Qa4 30. a3 Nc6 31. Qa1 Na5 32. g4 Nb3 33. Rxd8+ Rxd8 34. Rd1 Bd6 35. Qb1 Na5 36. gxh5 Bh2+ 37. Kxh2 Rxd1 38. Qe4 Qxc4 39. Qa8+ Kh7 40. Ng5+ 1-0

[Event "CZE-chT2E 2122"]
[Site "Czech Republic"]
[Date "2021.11.07"]
[Round "2.7"]
[White "Fiala, Vaclav"]
[Black "Sojka, Ales"]
[Result "1-0"]
[WhiteElo "2313"]
[BlackElo "2118"]
[PlyCount "53"]
[EventDate "2021.10.17"]
[EventType "team-tourn"]
[EventRounds "11"]
[EventCountry "CZE"]
[SourceTitle "EXT 2024"]
[Source "ChessBase"]
[SourceDate "2023.10.10"]
[SourceVersion "1"]
[SourceVersionDate "2023.10.10"]
[SourceQuality "1"]
[WhiteTeam "Jundrov Jezdci"]
[BlackTeam "Kromeriz Slavia II"]
[WhiteTeamCountry "CZE"]
[BlackTeamCountry "CZE"]

1. e4 e5 2. Nf3 Nc6 3. Bb5 d6 4. d4 Bd7 5. 0-0 Nge7 6. Nc3 Ng6 7. Nd5 Be7 8. c3 0-0 9. Re1 Re8 10. h3 Bf8 11. a4 Nce7 12. Bc4 Nxd5 13. Bxd5 Bc6 14. Bc4 Be7 15. Qb3 Rf8 16. d5 Bd7 17. Qxb7 f5 18. Bd3 f4 19. Qa6 Nh8 20. Bb5 Bc8 21. Qc6 Rb8 22. Be2 h5 23. Qc4 g5 24. Nxe5 g4 25. hxg4 hxg4 26. Nc6 Rb6 27. Nxd8 1-0

[Event "Brno Trade op"]
[Site "Brno"]
[Date "2021.09.03"]
[Round "7"]
[White "Volak, Simon"]
[Black "Fiala, Vaclav"]
[Result "1/2-1/2"]
[WhiteElo "2035"]
[BlackElo "2307"]
[PlyCount "118"]
[EventDate "2021.08.29"]
[EventType "swiss"]
[EventRounds "9"]
[EventCountry "CZE"]
[SourceTitle "CBM 204 Extra"]
[Source "ChessBase"]
[SourceDate "2021.11.30"]
[SourceVersion "1"]
[SourceVersionDate "2021.11.30"]
[SourceQuality "1"]

1. e4 c5 2. Nf3 d6 3. c3 Nf6 4. h3 g6 5. Bd3 Bg7 6. Bc2 0-0 7. 0-0 Nc6 8. Re1 Bd7 9. d4 cxd4 10. cxd4 Rc8 11. Nc3 a6 12. Bg5 h6 13. Be3 Na5 14. Nd2 b5 15. a3 Kh7 16. Rc1 Bc6 17. b4 Bb7 18. Bd3 Nc4 19. Nxc4 bxc4 20. Bb1 e6 21. d5 exd5 22. exd5 Nd7 23. Bd4 Nf6 24. Qd2 Re8 25. Bc2 Nd7 26. Rxe8 Qxe8 27. Ba4 Bxd4 28. Qxd4 Qe5 29. Rd1 Qxd4 30. Rxd4 Nb6 31. Bd1 Ra8 32. f4 a5 33. b5 Rc8 34. Kf2 Rc5 35. Bf3 f5 36. a4 Kg7 37. Rd1 Kf6 38. Ke3 g5 39. g4 Rc7 40. fxg5+ hxg5 41. gxf5 Ke5 42. Rd4 Kxf5 43. Bg4+ Kf6 44. Be6 Re7 45. Re4 Rh7 46. Kd4 Bc8 47. Bxc8 Nxc8 48. Re3 Rh4+ 49. Ne4+ Kg6 50. Rg3 Nb6 51. Rxg5+ Kh6 52. Rg3 Nxa4 53. Ke3 Rh5 54. Nxd6 Rxd5 55. Nxc4 Rxb5 56. Kd4 Nc5 57. Ra3 a4 58. Nd6 Ne6+ 59. Kc4 Rh5 1/2-1/2

[Event "Brno Trade op"]
[Site "Brno"]
[Date "2021.09.02"]
[Round "6"]
[White "Fiala, Vaclav"]
[Black "Kuchar, Matej"]
[Result "1-0"]
[WhiteElo "2307"]
[BlackElo "1998"]
[PlyCount "93"]
[EventDate "2021.08.29"]
[EventType "swiss"]
[EventRounds "9"]
[EventCountry "CZE"]
[SourceTitle "CBM 204 Extra"]
[Source "ChessBase"]
[SourceDate "2021.11.30"]
[SourceVersion "1"]
[SourceVersionDate "2021.11.30"]
[SourceQuality "1"]

1. b3 c5 2. Bb2 Nc6 3. Nf3 d6 4. e3 a6 5. c4 e5 6. d4 cxd4 7. exd4 e4 8. Nfd2 f5 9. d5 Ne5 10. c5 Nf7 11. cxd6 Nf6 12. Nc4 b5 13. Ne5 Nxe5 14. Bxe5 Bxd6 15. Qd4 0-0 16. Nc3 Bxe5 17. Qxe5 Bb7 18. 0-0-0 Rc8 19. Kb2 Ng4 20. Qd4 e3 21. fxe3 Nf2 22. Be2 Nxh1 23. Rxh1 Qf6 24. Rd1 Qxd4 25. Rxd4 Rfe8 26. Nd1 Re4 27. Rd3 b4 28. Bf3 Re5 29. a3 a5 30. Rd4 Kf7 31. axb4 axb4 32. e4 fxe4 33. Bxe4 Rd8 34. Ne3 Rde8 35. Nc4 Rxe4 36. Nd6+ Kg6 37. Nxe4 Bxd5 38. Ng3 Bxg2 39. Rg4+ Kf7 40. Rxb4 Re6 41. Rd4 g6 42. b4 Kf6 43. Kc3 h5 44. Rf4+ Kg5 45. Rf2 Bb7 46. Ne2 Rf6 47. h4+ 1-0

[Event "Brno Trade op"]
[Site "Brno"]
[Date "2021.09.01"]
[Round "5"]
[White "Hladky, Tadeas"]
[Black "Fiala, Vaclav"]
[Result "1-0"]
[WhiteElo "1908"]
[BlackElo "2307"]
[PlyCount "89"]
[EventDate "2021.08.29"]
[EventType "swiss"]
[EventRounds "9"]
[EventCountry "CZE"]
[SourceTitle "CBM 204 Extra"]
[Source "ChessBase"]
[SourceDate "2021.11.30"]
[SourceVersion "1"]
[SourceVersionDate "2021.11.30"]
[SourceQuality "1"]

1. e4 c5 2. Nf3 e6 3. b3 d6 4. Bb2 Nf6 5. e5 dxe5 6. Nxe5 Be7 7. Bd3 Nbd7 8. f4 0-0 9. 0-0 Qc7 10. Na3 a6 11. Rf3 b5 12. Rh3 g6 13. c4 b4 14. Nc2 Bb7 15. Qe1 Rad8 16. Qh4 h5 17. Nxd7 Qc6 18. Ne1 Rxd7 19. Bxf6 Bxf6 20. Qxf6 Rfd8 21. Qg5 Kg7 22. Qe5+ Kg8 23. Qe2 Rd4 24. Re3 Qd6 25. Rd1 Qxf4 26. Nf3 Bxf3 27. Rxf3 Qd6 28. Bc2 Rh4 29. h3 Rd4 30. d3 e5 31. Re3 f6 32. Re4 Kg7 33. Rf1 a5 34. Qe3 Rd7 35. Re1 Qc7 36. Rxd4 Rxd4 37. Ra1 Qb6 38. Qe1 Qd6 39. Qe3 Qb6 40. Kh1 g5 41. Bd1 Qd6 42. Bxh5 Rxd3 43. Qe4 Kf8 44. Rf1 Ke7 45. Qg6 1-0

[Event "Brno Trade op"]
[Site "Brno"]
[Date "2021.08.30"]
[Round "3"]
[White "Fiala, Vaclav"]
[Black "Wunsch, Radek"]
[Result "1-0"]
[WhiteElo "2307"]
[BlackElo "1895"]
[PlyCount "71"]
[EventDate "2021.08.29"]
[EventType "swiss"]
[EventRounds "9"]
[EventCountry "CZE"]
[SourceTitle "CBM 204 Extra"]
[Source "ChessBase"]
[SourceDate "2021.11.30"]
[SourceVersion "1"]
[SourceVersionDate "2021.11.30"]
[SourceQuality "1"]

1. b3 e5 2. Bb2 Nc6 3. e3 d5 4. Bb5 Bd6 5. Nf3 Qe7 6. c4 a6 7. Bxc6+ bxc6 8. c5 Bxc5 9. Nxe5 Qd6 10. 0-0 Ne7 11. d4 Bb4 12. Nd3 Ba5 13. Ba3 Qf6 14. Ne5 Bd7 15. Nd2 Qe6 16. Ndf3 f6 17. Nxd7 Kxd7 18. Rc1 Nc8 19. Rc2 Na7 20. Qe2 Nb5 21. Bc5 Nc3 22. Qd3 Ne4 23. Rfc1 g5 24. Ba3 g4 25. Rxc6 Qf5 26. Rxa6 Rxa6 27. Qxa6 Bb6 28. Qa4+ Ke6 29. Qc6+ Kf7 30. Nh4 Qxf2+ 31. Kh1 Qxh4 32. Qxd5+ Kg7 33. Qxe4 Qg5 34. Rf1 Kf7 35. Rf5 Qh4 36. g3 1-0

[Event "CZE-chT2E 1718"]
[Site "Czech Republic"]
[Date "2017.11.05"]
[Round "2.2"]
[White "Gasa, Patrik"]
[Black "Fiala, Vaclav"]
[Result "0-1"]
[WhiteElo "2096"]
[BlackElo "2305"]
[PlyCount "102"]
[EventDate "2017.10.15"]
[EventType "team-tourn"]
[EventRounds "11"]
[EventCountry "CZE"]
[SourceTitle "EXT 2022"]
[Source "ChessBase"]
[SourceDate "2021.10.06"]
[SourceVersion "1"]
[SourceVersionDate "2021.10.06"]
[SourceQuality "1"]
[WhiteTeam "Prusanky Podluzan"]
[BlackTeam "Jundrov Jezdci"]
[WhiteTeamCountry "CZE"]
[BlackTeamCountry "CZE"]

1. e4 c6 2. d4 d5 3. exd5 cxd5 4. Nf3 Nc6 5. c3 Nf6 6. Bf4 e6 7. Nbd2 Be7 8. Bd3 0-0 9. 0-0 Bd7 10. Re1 a6 11. Ne5 b5 12. a3 Be8 13. Qf3 a5 14. Qh3 b4 15. g4 bxc3 16. bxc3 Rc8 17. g5 Ne4 18. Rxe4 dxe4 19. Nxe4 g6 20. Ng4 h5 21. Ngf6+ Bxf6 22. gxf6 e5 23. Qg3 Qd7 24. Qg5 Qg4+ 25. Qxg4 hxg4 26. dxe5 Bd7 27. Nd6 Rb8 28. Bc4 g5 29. Bg3 Nd8 30. Bd5 Ne6 31. Rd1 Rb2 32. Nc4 Rc2 33. Nb6 Bb5 34. c4 Ba6 35. h3 gxh3 36. Kh2 Rb8 37. Nd7 Rd8 38. Bxe6 fxe6 39. Rd6 Bxc4 40. Nb6 Rxd6 41. exd6 Bb5 42. a4 Bc6 43. d7 Rd2 44. Bc7 Bxd7 45. Nxd7 Rxd7 46. Bxa5 g4 47. Bb6 Kf7 48. a5 Rd6 49. Bc5 Rd5 50. Bb4 Rd4 51. Be1 Ra4 0-1

[Event "Niederoesterreich Landesliga 1617"]
[Site "Austria"]
[Date "2017.02.26"]
[Round "8.3"]
[White "Fiala, Vaclav"]
[Black "Lendwai, Reinhard"]
[Result "1/2-1/2"]
[WhiteElo "2260"]
[BlackElo "2383"]
[PlyCount "89"]
[EventDate "2016.10.02"]
[EventType "team-tourn"]
[EventRounds "11"]
[EventCountry "AUT"]
[SourceTitle "EXT 2018"]
[Source "ChessBase"]
[SourceDate "2017.10.13"]
[SourceVersion "1"]
[SourceVersionDate "2017.10.13"]
[SourceQuality "1"]
[WhiteTeam "Zwettl"]
[BlackTeam "Baden Invest II"]
[WhiteTeamCountry "AUT"]
[BlackTeamCountry "AUT"]

1. e4 c5 2. Nf3 d6 3. d4 cxd4 4. Nxd4 Nf6 5. Nc3 a6 6. Bc4 e6 7. Be3 Be7 8. Bb3 0-0 9. Qe2 Nc6 10. 0-0-0 Qc7 11. Rhg1 b5 12. g4 b4 13. Nxc6 bxc3 14. Nxe7+ Qxe7 15. Bd4 Bb7 16. e5 Nd5 17. Bxd5 cxb2+ 18. Kb1 exd5 19. Rg3 dxe5 20. Qxe5 Qxe5 21. Bxe5 Rfe8 22. f4 f6 23. Bxb2 Re2 24. g5 fxg5 25. Rxg5 d4 26. Bxd4 g6 27. Rc5 Rc8 28. f5 Rxc5 29. Bxc5 Be4 30. Rd8+ Kg7 31. Bd4+ Kh6 32. f6 Rxc2 33. Be3+ g5 34. Ka1 Kg6 35. Bd4 Rc7 36. Rg8+ Kf5 37. Re8 Rb7 38. Bb2 Rd7 39. a4 Bd5 40. Bc3 Bf7 41. Rc8 Rd6 42. Rc7 Kg6 43. Kb2 Re6 44. Re7 h5 45. Kc2 1/2-1/2

[Event "CZE-chT2E 1516"]
[Site "Czech Republic"]
[Date "2016.02.21"]
[Round "8.2"]
[White "Fiala, Vaclav"]
[Black "Majer, Jiri"]
[Result "1/2-1/2"]
[WhiteElo "2253"]
[BlackElo "2191"]
[PlyCount "66"]
[EventDate "2015.10.18"]
[EventType "team-tourn"]
[EventRounds "11"]
[EventCountry "CZE"]
[SourceTitle "EXT 2022"]
[Source "ChessBase"]
[SourceDate "2021.10.06"]
[SourceVersion "1"]
[SourceVersionDate "2021.10.06"]
[SourceQuality "1"]
[WhiteTeam "Jundrov Jezdci"]
[BlackTeam "Kurim"]
[WhiteTeamCountry "CZE"]
[BlackTeamCountry "CZE"]

1. d4 Nf6 2. c4 g6 3. Nc3 Bg7 4. e4 d6 5. Nf3 0-0 6. Be2 e5 7. 0-0 exd4 8. Nxd4 Re8 9. f3 c6 10. Nc2 a6 11. Be3 b5 12. Qd2 bxc4 13. Bxc4 Be6 14. Bxe6 fxe6 15. Na4 Qe7 16. Rac1 d5 17. Nb6 Ra7 18. e5 Nfd7 19. Nxd5 exd5 20. Bxa7 Nxe5 21. Bd4 Nbd7 22. Rfe1 Qf7 23. Qe2 a5 24. Qe3 Rf8 25. Qc3 Qf4 26. b4 axb4 27. Qe3 Qxe3+ 28. Rxe3 Bh6 29. Rce1 Bxe3+ 30. Rxe3 Nc4 31. Re7 Rf7 32. Re8+ Rf8 33. Re7 Rf7 1/2-1/2

[Event "Gibraltar Masters 14th"]
[Site "Caleta"]
[Date "2016.02.02"]
[Round "8"]
[White "Tischbierek, Raj"]
[Black "Fiala, Vaclav"]
[Result "0-1"]
[WhiteElo "2433"]
[BlackElo "2217"]
[PlyCount "118"]
[EventDate "2016.01.26"]
[EventType "swiss"]
[EventRounds "10"]
[EventCountry "GGB"]
[SourceTitle "CBM 171"]
[Source "ChessBase"]
[SourceDate "2016.03.14"]
[SourceVersion "2"]
[SourceVersionDate "2016.03.14"]
[SourceQuality "1"]

1. d4 c6 2. e4 d5 3. Nc3 dxe4 4. Nxe4 Bf5 5. Ng3 Bg6 6. h4 h6 7. Nf3 Nd7 8. h5 Bh7 9. Bd3 Bxd3 10. Qxd3 e6 11. Bf4 Qa5+ 12. Bd2 Qc7 13. 0-0-0 Ngf6 14. Qe2 0-0-0 15. Ne5 Nxe5 16. dxe5 Nd5 17. Rh4 Bc5 18. Rg4 Rhg8 19. Re1 Qb6 20. Rf1 Kb8 21. c3 Ka8 22. Kc2 Be7 23. a3 Qc7 24. c4 Nb6 25. Ba5 Rd7 26. Re1 Qb8 27. Nf1 Bg5 28. g3 Na4 29. b3 Nc5 30. Rb1 Nd3 31. f4 f5 32. exf6 Bxf6 33. Rd1 Nc5 34. Rxd7 Nxd7 35. Qxe6 Nc5 36. Qf5 Qd6 37. Bb4 Rd8 38. Nd2 b6 39. Rg6 Qd4 40. Rxf6 Qxf6 41. Qxf6 gxf6 42. Bc3 f5 43. b4 Ne6 44. Nf1 Rg8 45. Kd3 Kb7 46. Bf6 a6 47. Bh4 Rf8 48. c5 Rf7 49. cxb6 Kxb6 50. Kc4 Kc7 51. Nd2 Kd6 52. Nb3 Ng7 53. Nc5 Nxh5 54. a4 Rg7 55. Nxa6 Nxg3 56. Bf6 Ra7 57. Be5+ Ke6 58. b5 Ne4 59. b6 Rxa6 0-1

[Event "Gibraltar Masters 14th"]
[Site "Caleta"]
[Date "2016.02.01"]
[Round "7"]
[White "Fiala, Vaclav"]
[Black "Carlsson, Pontus"]
[Result "1/2-1/2"]
[WhiteElo "2217"]
[BlackElo "2430"]
[PlyCount "93"]
[EventDate "2016.01.26"]
[EventType "swiss"]
[EventRounds "10"]
[EventCountry "GGB"]
[SourceTitle "CBM 171"]
[Source "ChessBase"]
[SourceDate "2016.03.14"]
[SourceVersion "2"]
[SourceVersionDate "2016.03.14"]
[SourceQuality "1"]

1. e4 c5 2. Nf3 d6 3. d4 cxd4 4. Nxd4 Nf6 5. Nc3 g6 6. Be3 Bg7 7. f3 0-0 8. Qd2 Nc6 9. Bc4 Bd7 10. 0-0-0 Rc8 11. Bb3 Nxd4 12. Bxd4 b5 13. e5 dxe5 14. Bxe5 Bc6 15. Qe1 Qb6 16. Kb1 a5 17. a4 bxa4 18. Nxa4 Bxa4 19. Bxa4 Rc5 20. Bd4 Nd5 21. Bxg7 Kxg7 22. Rd3 Qf6 23. Bb3 Rb8 24. Qf2 Rxc2 25. Qd4 Rxg2 26. Bxd5 Rbxb2+ 27. Ka1 e5 28. Qxb2 Rxb2 29. Kxb2 e4+ 30. Rc3 Qb6+ 31. Kc2 Qf2+ 32. Kb3 Qb6+ 33. Kc2 Qf2+ 34. Kb3 e3 35. Rcc1 Qd2 36. Bc4 Qb4+ 37. Ka2 Qd2+ 38. Kb1 f5 39. f4 Qb4+ 40. Ka1 Qa4+ 41. Kb2 Qb4+ 42. Ka1 Qd2 43. Rhd1 Qxh2 44. Rd7+ Kh6 45. Bg8 Qxf4 46. Rxh7+ Kg5 47. Rg1+ 1/2-1/2

[Event "Gibraltar Masters 14th"]
[Site "Caleta"]
[Date "2016.01.31"]
[Round "6"]
[White "Anand, Viswanathan"]
[Black "Fiala, Vaclav"]
[Result "1/2-1/2"]
[WhiteElo "2784"]
[BlackElo "2217"]
[PlyCount "63"]
[EventDate "2016.01.26"]
[EventType "swiss"]
[EventRounds "10"]
[EventCountry "GGB"]
[SourceTitle "CBM 171"]
[Source "ChessBase"]
[SourceDate "2016.03.14"]
[SourceVersion "2"]
[SourceVersionDate "2016.03.14"]
[SourceQuality "1"]

1. e4 c5 2. Nf3 Nc6 3. d4 cxd4 4. Nxd4 g6 5. c4 Bg7 6. Be3 Nf6 7. Nc3 0-0 8. Be2 d6 9. 0-0 Bd7 10. Rc1 Nxd4 11. Bxd4 Bc6 12. Qd3 a5 13. Rfd1 Nd7 14. Bxg7 Kxg7 15. Qd4+ f6 16. Bg4 Nc5 17. f4 b6 18. Qe3 e5 19. Rd2 Qe7 20. Rcd1 Rad8 21. f5 Rh8 22. b3 h5 23. Bh3 g5 24. g3 h4 25. g4 Qc7 26. Bf1 Qb8 27. Bd3 Rd7 28. Qe2 Rhd8 29. Bc2 Na6 30. a3 Nc7 31. Bd3 Ba8 32. a4 1/2-1/2

[Event "Gibraltar Masters 14th"]
[Site "Caleta"]
[Date "2016.01.29"]
[Round "4"]
[White "Martinez Martin, David"]
[Black "Fiala, Vaclav"]
[Result "0-1"]
[WhiteElo "2407"]
[BlackElo "2217"]
[PlyCount "80"]
[EventDate "2016.01.26"]
[EventType "swiss"]
[EventRounds "10"]
[EventCountry "GGB"]
[SourceTitle "CBM 171"]
[Source "ChessBase"]
[SourceDate "2016.03.14"]
[SourceVersion "2"]
[SourceVersionDate "2016.03.14"]
[SourceQuality "1"]

1. d4 d5 2. c4 e6 3. Nc3 c6 4. e4 dxe4 5. Nxe4 Bb4+ 6. Bd2 Qxd4 7. Bxb4 Qxe4+ 8. Be2 Nd7 9. Qd6 Qxg2 10. Bf3 Qg5 11. Ne2 Qe5 12. Qd2 Ngf6 13. Rg1 Rg8 14. Rg5 Qc7 15. Bd6 Qd8 16. 0-0-0 a5 17. Qe3 h6 18. Nf4 Nb6 19. Rc5 Bd7 20. Re5 Nc8 21. Ba3 g5 22. Nxe6 fxe6 23. Rxe6+ Kf7 24. Rxf6+ Kxf6 25. Bh5 Qc7 26. Rxd7 Qxd7 27. Qc3+ Kf5 28. Qf3+ Ke5 29. Qe3+ Kf6 30. b3 Qe6 31. Qf3+ Kg7 32. Bb2+ Kh7 33. Qd3+ Rg6 34. Bxg6+ Qxg6 35. Qd7+ Kg8 36. Qxb7 Nb6 37. c5 Qf7 38. Qxb6 Re8 39. Qxa5 Qxf2 40. Bc3 Qg1+ 0-1

[Event "CZE-chT2E 1516"]
[Site "Czech Republic"]
[Date "2015.11.08"]
[Round "2.2"]
[White "Walek, Petr"]
[Black "Fiala, Vaclav"]
[Result "1/2-1/2"]
[WhiteElo "2153"]
[BlackElo "2253"]
[PlyCount "84"]
[EventDate "2015.10.18"]
[EventType "team-tourn"]
[EventRounds "11"]
[EventCountry "CZE"]
[SourceTitle "EXT 2022"]
[Source "ChessBase"]
[SourceDate "2021.10.06"]
[SourceVersion "1"]
[SourceVersionDate "2021.10.06"]
[SourceQuality "1"]
[WhiteTeam "Dalesice Pivovar"]
[BlackTeam "Jundrov Jezdci"]
[WhiteTeamCountry "CZE"]
[BlackTeamCountry "CZE"]

1. e4 c5 2. Nf3 e6 3. d4 cxd4 4. Nxd4 a6 5. Bd3 Nc6 6. Nxc6 dxc6 7. 0-0 e5 8. b3 Nf6 9. Bb2 Qc7 10. Nd2 Bg4 11. Qc1 Bc5 12. Nc4 Nd7 13. Qg5 Be6 14. Rad1 f6 15. Qxg7 0-0-0 16. Kh1 Rdg8 17. Qh6 Rg6 18. Qd2 Rhg8 19. Rg1 h5 20. Ne3 Nb6 21. Be2 h4 22. Bf3 Qg7 23. Qc1 Nd7 24. Ba3 Bb6 25. Qd2 Bh3 26. Nf5 Bxf5 27. exf5 Rg5 28. Be4 Bc5 29. Bb2 Qe7 30. Qe2 Ba3 31. Bxc6 Nb6 32. Bxa3 Qxa3 33. Bd5 Nxd5 34. Rxd5 Kb8 35. Rd7 Qb4 36. a3 Qf4 37. Qd3 Qxf2 38. Qd5 Qb6 39. Rd6 Qf2 40. Rd7 Qb6 41. Rd6 Qf2 42. Rd7 Qb6 1/2-1/2